[Event "OP-2016-0-04244"]
[Site "LSS email"]
[Date "2016.12.29"]
[Round "?"]
[White "Szczepanski, Zbigniew"]
[Black "Albesa, Ricardo"]
[Result "1-0"]
[WhiteElo "2474"]
[BlackElo "1318"]
[PlyCount "29"]
[EventDate "2016.12.25"]
[EventType "tourn (corr)"]
[EventRounds "4"]
[EventCountry "GER"]
[SourceTitle "Corr 2022"]
[Source "ChessBase"]
[SourceDate "2021.10.24"]
[SourceVersion "1"]
[SourceVersionDate "2021.10.24"]
[SourceQuality "1"]

1. d4 d5 2. c4 Nf6 3. cxd5 Nxd5 4. Nf3 f5 5. e3 e6 6. Bd3 Nd7 7. 0-0 Be7 8. e4 fxe4 9. Bxe4 N7f6 10. Bc2 0-0 11. Nc3 c5 12. Re1 Qc7 13. Bg5 c4 14. Ne5 a6 15. Qf3 1-0

[Event "OP-2016-0-04203"]
[Site "LSS email"]
[Date "2016.11.07"]
[Round "?"]
[White "Albesa, Ricardo"]
[Black "Hoffmann, Thomas"]
[Result "1/2-1/2"]
[WhiteElo "1331"]
[BlackElo "1790"]
[PlyCount "48"]
[EventDate "2016.10.31"]
[EventType "tourn (corr)"]
[EventRounds "4"]
[EventCountry "GER"]
[SourceTitle "Corr 2022"]
[Source "ChessBase"]
[SourceDate "2021.10.24"]
[SourceVersion "1"]
[SourceVersionDate "2021.10.24"]
[SourceQuality "1"]

1. e4 c5 2. Nf3 d6 3. d4 cxd4 4. Nxd4 a6 5. Nc3 Nf6 6. Bg5 Nbd7 7. Be2 e6 8. a4 h6 9. Be3 b6 10. 0-0 Bb7 11. f3 Qc7 12. a5 b5 13. Qd2 b4 14. Na2 d5 15. Nxb4 dxe4 16. f4 Be7 17. Ra3 Qd6 18. Rb3 Nc5 19. Ra3 Rd8 20. Rc3 Na4 21. Rb3 0-0 22. Ra1 Nc5 23. Rc3 Rfe8 24. Qe1 Rc8 1/2-1/2

[Event "BI-2015-P-0000"]
[Site "LSS email"]
[Date "2015.04.16"]
[Round "?"]
[White "Albesa, Ricardo"]
[Black "Meljnikova, Ekaterina"]
[Result "0-1"]
[WhiteElo "1311"]
[BlackElo "1613"]
[PlyCount "46"]
[EventDate "2015.04.22"]
[EventType "tourn (corr)"]
[EventRounds "10"]
[EventCountry "GER"]
[SourceTitle "Corr 2022"]
[Source "ChessBase"]
[SourceDate "2021.10.24"]
[SourceVersion "1"]
[SourceVersionDate "2021.10.24"]
[SourceQuality "1"]

1. e4 c5 2. Nf3 d6 3. d4 cxd4 4. Nxd4 Nf6 5. Nc3 a6 6. Bg5 e6 7. Be2 Be7 8. Qd2 b5 9. 0-0 0-0 10. Bf3 Ra7 11. b4 h6 12. Be3 Rc7 13. a4 d5 14. exd5 Bxb4 15. Nde2 Rd7 16. Qd4 Nc6 17. Qh4 Nxd5 18. Qxd8 Rfxd8 19. Nxd5 exd5 20. axb5 axb5 21. Rfb1 Bf8 22. Bb6 Re8 23. Rxb5 Nb4 0-1

[Event "OP-2015-0-03682"]
[Site "LSS email"]
[Date "2015.03.30"]
[Round "?"]
[White "Lubas, Jozef"]
[Black "Albesa, Ricardo"]
[Result "1/2-1/2"]
[WhiteElo "2162"]
[BlackElo "1291"]
[PlyCount "57"]
[EventDate "2015.03.23"]
[EventType "tourn (corr)"]
[EventRounds "4"]
[EventCountry "GER"]
[SourceTitle "Corr 2022"]
[Source "ChessBase"]
[SourceDate "2021.10.24"]
[SourceVersion "1"]
[SourceVersionDate "2021.10.24"]
[SourceQuality "1"]

1. e4 c5 2. Nf3 d6 3. d4 cxd4 4. Nxd4 Nf6 5. Nc3 a6 6. Be3 Ng4 7. Bg5 h6 8. Bh4 g5 9. Bg3 Bg7 10. Be2 h5 11. h4 gxh4 12. Bxh4 Nc6 13. Nb3 Be6 14. Qd2 Rc8 15. Kf1 Bxc3 16. Qxc3 Rg8 17. Qd2 Qb6 18. Rd1 a5 19. c3 Nge5 20. Bxh5 Nc4 21. Qe2 a4 22. Nd4 Nxd4 23. cxd4 Qxb2 24. Bg3 Qxe2+ 25. Kxe2 Nb2 26. d5 Bg4+ 27. Bxg4 Rxg4 28. Rh8+ Kd7 29. Rxc8 1/2-1/2

[Event "LSS No Engine Cup 128 Preliminary 0"]
[Site "LSS email"]
[Date "2015.03.25"]
[Round "?"]
[White "Csoma, Balint"]
[Black "Albesa, Ricardo"]
[Result "0-1"]
[WhiteElo "1396"]
[BlackElo "1750"]
[PlyCount "28"]
[EventDate "2015.03.26"]
[EventType "tourn (corr)"]
[EventRounds "6"]
[EventCountry "GER"]
[SourceTitle "Corr 2022"]
[Source "ChessBase"]
[SourceDate "2021.10.24"]
[SourceVersion "1"]
[SourceVersionDate "2021.10.24"]
[SourceQuality "1"]

1. Nf3 d5 2. d4 g6 3. g3 Bg7 4. Bg2 Nf6 5. 0-0 0-0 6. c4 dxc4 7. Qa4 Nc6 8. Qxc4 Be6 9. Qa4 Qd7 10. Rd1 Rfd8 11. Nc3 Nd5 12. e4 Nxc3 13. bxc3 Nxd4 14. Qxd4 Bxd4 0-1

[Event "LSS No Engine Cup 128 Preliminary 0"]
[Site "LSS email"]
[Date "2015.03.25"]
[Round "?"]
[White "Strnad, Pavel"]
[Black "Albesa, Ricardo"]
[Result "0-1"]
[WhiteElo "1600"]
[BlackElo "1750"]
[PlyCount "46"]
[EventDate "2015.03.26"]
[EventType "tourn (corr)"]
[EventRounds "6"]
[EventCountry "GER"]
[SourceTitle "Corr 2022"]
[Source "ChessBase"]
[SourceDate "2021.10.24"]
[SourceVersion "1"]
[SourceVersionDate "2021.10.24"]
[SourceQuality "1"]

1. e4 c5 2. f4 e5 3. Nf3 exf4 4. d3 Bd6 5. Nc3 Nc6 6. Qe2 Nf6 7. e5 Bxe5 8. Bxf4 d6 9. Bxe5 dxe5 10. Nxe5 Nd4 11. Nc6+ Nxe2 12. Nxd8 Nxc3 13. Nxf7 Kxf7 14. bxc3 Re8+ 15. Kd2 Be6 16. c4 Rad8 17. Be2 Bxc4 18. Rhf1 Ba6 19. h3 c4 20. Rf3 Kg8 21. Rd1 Ne4+ 22. Kc1 Nc3 23. Rdf1 Rxe2 0-1

[Event "ZL-2014-0-01570"]
[Site "LSS email"]
[Date "2014.12.30"]
[Round "?"]
[White "Chatzisotiriou, Petros"]
[Black "Albesa, Ricardo"]
[Result "0-1"]
[WhiteElo "1174"]
[BlackElo "1304"]
[PlyCount "46"]
[EventDate "2014.12.16"]
[EventType "match (corr)"]
[EventRounds "2"]
[EventCountry "GER"]
[SourceTitle "Corr 2022"]
[Source "ChessBase"]
[SourceDate "2021.10.24"]
[SourceVersion "1"]
[SourceVersionDate "2021.10.24"]
[SourceQuality "1"]

1. d4 Nf6 2. c4 g6 3. Nc3 d5 4. cxd5 Nxd5 5. e4 Nxc3 6. bxc3 Bg7 7. Bc4 c5 8. Qf3 0-0 9. d5 b5 10. Bb3 c4 11. Bc2 Na6 12. Ne2 Nb4 13. Bd1 Nd3+ 14. Kf1 f5 15. Be3 fxe4 16. Qxe4 Qa5 17. Qxe7 Bxc3 18. Nxc3 Qxc3 19. Bh6 Rxf2+ 20. Kg1 Bh3 21. gxh3 Qxa1 22. Qe6+ Kh8 23. Qg4 Re8 0-1

[Event "OP-2014-0-03592"]
[Site "LSS email"]
[Date "2014.12.21"]
[Round "?"]
[White "Albesa, Ricardo"]
[Black "Nowak, Mathias"]
[Result "1/2-1/2"]
[WhiteElo "1304"]
[BlackElo "1181"]
[PlyCount "54"]
[EventDate "2014.12.17"]
[EventType "tourn (corr)"]
[EventRounds "4"]
[EventCountry "GER"]
[SourceTitle "Corr 2022"]
[Source "ChessBase"]
[SourceDate "2021.10.24"]
[SourceVersion "1"]
[SourceVersionDate "2021.10.24"]
[SourceQuality "1"]

1. d4 d5 2. c4 e6 3. Nf3 Nf6 4. Nc3 c5 5. Bg5 cxd4 6. Nxd4 e5 7. Nb3 d4 8. Bxf6 Qxf6 9. Nd5 Qd6 10. e3 Be6 11. Be2 b5 12. e4 bxc4 13. Bxc4 Be7 14. Rc1 0-0 15. Nc7 Bg5 16. Bxe6 Bxc1 17. Qxc1 fxe6 18. Nxa8 Nd7 19. Qc4 Rxa8 20. 0-0 Nb6 21. Qc5 Qxc5 22. Nxc5 Rc8 23. Nd3 a5 24. f3 Nd7 25. h4 a4 26. Rc1 Rxc1+ 27. Nxc1 Kf7 1/2-1/2

[Event "CP-2012-P-00023"]
[Site "LSS email"]
[Date "2012.10.01"]
[Round "?"]
[White "Albesa, Ricardo"]
[Black "Yangibayev, N."]
[Result "1-0"]
[WhiteElo "1281"]
[BlackElo "945"]
[PlyCount "39"]
[EventDate "2012.10.05"]
[EventType "tourn (corr)"]
[EventRounds "6"]
[EventCountry "GER"]
[SourceTitle "Corr 2022"]
[Source "ChessBase"]
[SourceDate "2021.10.24"]
[SourceVersion "1"]
[SourceVersionDate "2021.10.24"]
[SourceQuality "1"]

1. e4 c6 2. d4 d5 3. e5 Bf5 4. Nc3 e6 5. Nf3 Nd7 6. a3 a6 7. Bd3 Bxd3 8. Qxd3 c5 9. 0-0 c4 10. Qd2 Ne7 11. Qf4 Ng6 12. Qg4 Be7 13. Be3 h6 14. Nd2 Qb6 15. Rab1 Qc6 16. f4 b5 17. f5 Ngf8 18. Qxg7 Rh7 19. Qg3 0-0-0 20. f6 1-0

[Event "LSS ZN-2011-0-01754"]
[Site "LSS email"]
[Date "2011.11.06"]
[Round "?"]
[White "Albesa, Ricardo"]
[Black "Osipov, AleksNdr"]
[Result "1/2-1/2"]
[WhiteElo "1260"]
[BlackElo "800"]
[PlyCount "40"]
[EventDate "2011.10.31"]
[EventType "match (corr)"]
[EventRounds "2"]
[EventCountry "GER"]
[SourceTitle "Corr 2024"]
[Source "ChessBase"]
[SourceDate "2023.10.19"]
[SourceVersion "1"]
[SourceVersionDate "2023.10.19"]
[SourceQuality "1"]

1. e4 c6 2. d4 d5 3. Nc3 dxe4 4. Nxe4 Bf5 5. Ng3 Bg6 6. Nf3 Nd7 7. h4 h6 8. h5 Bh7 9. Bd3 Bxd3 10. Qxd3 e6 11. Bf4 Bb4+ 12. c3 Be7 13. 0-0-0 Ngf6 14. Kb1 0-0 15. Ne5 a5 16. c4 a4 17. Ne4 Nxe4 18. Qxe4 a3 19. b3 Nxe5 20. Bxe5 Bd6 1/2-1/2

[Event "ZN-2009-0-00620"]
[Site "LSS email"]
[Date "2009.05.25"]
[Round "?"]
[White "Albesa, Ricardo"]
[Black "Willoughby, Peter"]
[Result "0-1"]
[WhiteElo "750"]
[BlackElo "880"]
[PlyCount "54"]
[EventDate "2009.05.22"]
[EventType "match (corr)"]
[EventRounds "2"]
[EventCountry "GER"]
[SourceTitle "Corr 2022"]
[Source "ChessBase"]
[SourceDate "2021.10.24"]
[SourceVersion "1"]
[SourceVersionDate "2021.10.24"]
[SourceQuality "1"]

1. e4 g6 2. d4 Bg7 3. Nf3 c5 4. c3 Nc6 5. d5 Ne5 6. Nxe5 Bxe5 7. f4 Bg7 8. Bc4 e6 9. dxe6 fxe6 10. 0-0 Nf6 11. Qf3 0-0 12. Be3 d6 13. Na3 d5 14. exd5 exd5 15. Bb5 a6 16. Be2 c4 17. Nc2 Bf5 18. Nd4 Be4 19. Qh3 Nh5 20. Ne6 Qd6 21. Nxf8 Rxf8 22. Bxh5 gxh5 23. Qxh5 Rf5 24. Qg4 Qg6 25. Qxg6 hxg6 26. a4 Rf7 27. g3 Rd7 0-1

[Event "ZN-2009-0-00620"]
[Site "LSS email"]
[Date "2009.05.25"]
[Round "?"]
[White "Willoughby, Peter"]
[Black "Albesa, Ricardo"]
[Result "1-0"]
[WhiteElo "880"]
[BlackElo "750"]
[PlyCount "33"]
[EventDate "2009.05.22"]
[EventType "match (corr)"]
[EventRounds "2"]
[EventCountry "GER"]
[SourceTitle "Corr 2022"]
[Source "ChessBase"]
[SourceDate "2021.10.24"]
[SourceVersion "1"]
[SourceVersionDate "2021.10.24"]
[SourceQuality "1"]

1. d4 Nf6 2. Nf3 g6 3. Nc3 Bg7 4. Bf4 d6 5. e4 0-0 6. Bd3 Nc6 7. 0-0 Bg4 8. h3 Bxf3 9. Qxf3 Nxd4 10. Qd1 d5 11. Nxd5 Nxd5 12. Bh2 Nb4 13. c3 Nxd3 14. Qxd3 Ne6 15. Qf3 c6 16. Rad1 Qc7 17. Bxc7 1-0

[Event "LSS OP-2008-0-00599"]
[Site "LSS email"]
[Date "2008.08.11"]
[Round "?"]
[White "Taylor, Greg"]
[Black "Albesa, Ricardo"]
[Result "0-1"]
[WhiteElo "800"]
[BlackElo "1000"]
[PlyCount "24"]
[EventDate "2008.08.09"]
[EventType "tourn (corr)"]
[EventRounds "4"]
[EventCountry "GER"]
[SourceTitle "Corr 2022"]
[Source "ChessBase"]
[SourceDate "2021.10.24"]
[SourceVersion "1"]
[SourceVersionDate "2021.10.24"]
[SourceQuality "1"]

1. e4 c5 2. d3 d5 3. Nc3 e6 4. Nf3 Nc6 5. Be2 d4 6. Nb5 Qa5+ 7. Bd2 Qxb5 8. Qb1 Nf6 9. 0-0 Be7 10. b3 0-0 11. Qb2 Nxe4 12. dxe4 Qxe2 0-1